| 000 | 01033nam a2200253 a 4500 | ||
|---|---|---|---|
| 001 | BRCA_1471 | ||
| 005 | 20190320203437.0 | ||
| 008 | 171105s1989----be-a######---#000-0#fre-d | ||
| 041 | _afre | ||
| 044 | _abe | ||
| 050 | 4 |
_aN7355 _b.T78 1989 |
|
| 100 | 1 |
_aTsujigahana, Itchiku _94809 |
|
| 245 | 1 | 0 |
_aTissus de Lumière = Weefsels van Licht _cItchiku Tsujigahana. |
| 260 |
_aJapón : Bélgica _bEuropalia _c1989 |
||
| 300 |
_a136 p. _bil. a color _c30 cm. |
||
| 500 | _aCatálogo de la exposición realizada en Botanique Centre Culturel de la Communauté française (Wallonie-Bruxelles), 8 noviembre - 3 diciembre, 1989 y en el Museum voor Volkenkunde (Rotterdam), 16 diciembre, 1989 - 25 febrero, 1990 | ||
| 500 | _aIncluye lista de ilustraciones y tabla cronológica | ||
| 546 | _aTexto en francés y alemán | ||
| 650 | 1 | 4 |
_aArte japonés _ySiglo XX _94810 |
| 710 | 2 |
_aBotanique Centre Culturel de la Communauté française _94811 |
|
| 710 | 2 |
_aMuseum voor Volkenkunde _94812 |
|
| 740 | 0 | _aWeefsels van Licht | |
| 942 |
_2lcc _cB |
||
| 999 |
_c1333 _d1333 |
||